| 000 | 00559nam a2200169 a 4500 | ||
|---|---|---|---|
| 005 | 20140412111319.0 | ||
| 008 | 000824s19uu xx 00 eng d | ||
| 020 | _a0-19-272331-6 | ||
| 050 |
_aTR(PS E _bMy99 1997 |
||
| 100 | _aTucker, Stephen | ||
| 245 |
_aMy day / _ctext by Stephen Tucker ; illustrations by Nick Sharratt. |
||
| 260 |
_aOxford, OX : _bOxford University Press, _c1997. |
||
| 300 | _a1 v. (unp.) ; ill. | ||
| 520 | _aWhat kind of day is it going to be? Open the book and you will see. | ||
| 650 | _aBaby stories-Fiction | ||
| 999 |
_c104316 _d104316 |
||